Regional focus (Record no. 76288)
[ view plain ]
| 000 -LEADER | |
|---|---|
| fixed length control field | 00928cab a2200181 4500 |
| 001 - CONTROL NUMBER | |
| control field | ##L131904 |
| 008 - FIXED-LENGTH DATA ELEMENTS--GENERAL INFORMATION | |
| fixed length control field | 051215n2005 000 0 eng u |
| 035 ## - SYSTEM CONTROL NUMBER | |
| System control number | (Sirsi) u131904 |
| 041 0# - LANGUAGE CODE | |
| Language code of text/sound track or separate title | eng |
| 100 1# - MAIN ENTRY--PERSONAL NAME | |
| Personal name | Thompson, Max |
| 245 00 - TITLE STATEMENT | |
| Title | Regional focus |
| Remainder of title | Wales |
| 260 ## - PUBLICATION, DISTRIBUTION, ETC. | |
| Date of publication, distribution, etc. | 2005 |
| 490 #0 - SERIES STATEMENT | |
| Series statement | QS Week |
| Volume/sequential designation | (34) 14 December 2005, 11-13(3) |
| 520 ## - SUMMARY, ETC. | |
| Summary, etc. | There has been significant growth in construction output in Wales in the last year, and this is expected to continue. The vast majority of investment, however, is concentrated in the south of the principality, with few projects planned for the north and central regions. Considers new housing, infrastructure, other new work, and repair and maintenance. A second article reports on a number of case studies, including Cardiff sports village, Swansea waterfront, and Baglan energy park. |
| 590 ## - LOCAL NOTE (RLIN) | |
| Local note | IKA030106 |
| 690 ## - LOCAL SUBJECT ADDED ENTRY--TOPICAL TERM (OCLC, RLIN) | |
| Topical term or geographic name as entry element | BUILT ENVIRONMENT-CONSTRUCTION MARKET |
| 942 ## - ADDED ENTRY ELEMENTS (KOHA) | |
| Suppress in OPAC | 0 |
| Withdrawn status | Lost status | Source of classification or shelving scheme | Damaged status | Not for loan | Home library | Current library | Shelving location | Date acquired | Total Checkouts | Full call number | Barcode | Date last seen | Copy number | Price effective from | Koha item type |
|---|---|---|---|---|---|---|---|---|---|---|---|---|---|---|---|
| Dewey Decimal Classification | London | London | Journal article | 15/12/2005 | L131904 | 131904-1001 | 06/08/2019 | 1 | 06/08/2019 | Journal article |